| 000 | 00691cam a2200253 4500 | ||
|---|---|---|---|
| 001 | J1842 | ||
| 008 | 090401t1993 xxu||||| |||| 00| 0 eng d | ||
| 035 | _a(Sirsi) u45718 | ||
| 041 | _aeng | ||
| 050 | _a696.6 | ||
| 100 | _aGriggs, J. C. | ||
| 245 | _aHard-water scale in hot water storage cylinders. | ||
| 260 |
_aGarston, Watford _bBuilding Research Establishment _c1993 |
||
| 300 | _a(4)p. : ill. ; 30cm. | ||
| 350 | _a0 | ||
| 490 |
_aBRE Information Paper _v13/93 |
||
| 650 | _aHOT WATER SYSTEMS | ||
| 650 | _aSTORAGE CYLINDERS | ||
| 690 |
_aBlock management _96220 |
||
| 700 | _aHall, J. | ||
| 710 | _aBuilding Research Establishment | ||
| 942 | _n0 | ||
| 948 | _c04/03/1997 | ||
| 999 |
_c91814 _d91814 |
||